[Event "European Blitz 2022"]
[Site "Katowice POL"]
[Date "2022.12.16"]
[Round "4.54"]
[White "Kaliszuk, Kamil"]
[Black "Manik, Mikulas"]
[Result "1-0"]
[BlackTitle "GM"]
[WhiteElo "2103"]
[BlackElo "2359"]
[WhiteFideId "21870160"]
[BlackFideId "14900734"]
[EventDate "2022.12.16"]

1. e4 c5 2. Nf3 d6 3. Bb5+ Nd7 4. c3 Nf6 5. Bd3 a6 6. O-O b5 7. Bc2 Bb7 8. Re1
e6 9. d4 Be7 10. a4 Rc8 11. axb5 axb5 12. Nbd2 cxd4 13. cxd4 O-O 14. Nf1 d5 15.
e5 Ne4 16. Ng3 f5 17. exf6 Ndxf6 18. Ne5 Qc7 19. Bd3 Qb6 20. Bxe4 Nxe4 21. Nxe4
dxe4 22. Nd7 Qd6 23. Nxf8 Rxf8 24. Be3 Bd5 25. Ra7 Bf6 26. Qd2 h6 27. Rc1 Bd8
28. Bxh6 gxh6 29. Qxh6 Be7 30. Qg6+ Kh8 31. Qh6+ Kg8 32. Qg6+ Kh8 33. Rc3 e3 34.
Rxe3 Bf3 35. Rxf3 Rxf3 36. gxf3 1-0

[Event "European Blitz 2022"]
[Site "Katowice POL"]
[Date "2022.12.16"]
[Round "4.55"]
[White "Horvath, Dominik"]
[Black "Lauda, Alexandr"]
[Result "1-0"]
[WhiteTitle "IM"]
[WhiteElo "2502"]
[BlackElo "2032"]
[WhiteFideId "1642561"]
[BlackFideId "13903179"]
[EventDate "2022.12.16"]

1. e4 c5 2. c3 g6 3. d4 cxd4 4. cxd4 d5 5. e5 Nc6 6. Bb5 Bf5 7. Nc3 h5 8. Nf3
Rc8 9. O-O a6 10. Bxc6+ bxc6 11. Qa4 h4 12. h3 Bd3 13. Re1 e6 14. Bg5 Be7 15.
Bxe7 Nxe7 16. Rad1 Bb5 17. Qb4 Nf5 18. Rc1 Qe7 19. Qa5 Qc7 20. Qxc7 Rxc7 21. b3
Kd7 22. a4 Bd3 23. Red1 Be4 24. Nxe4 dxe4 25. Ng5 Ke7 26. Nxe4 Rd8 27. Rc4 Rcd7
28. Nc5 Rxd4 29. Rdxd4 Nxd4 30. b4 f6 31. exf6+ Kxf6 32. Nxa6 e5 33. Nc5 Kf5 34.
a5 Ne2+ 35. Kh2 Rd2 36. Rxh4 Nf4 37. g4+ Kg5 38. Ne4+ Kxh4 39. Nxd2 Nd5 40. a6
Nc7 41. Nf3# 1-0

[Event "European Blitz 2022"]
[Site "Katowice POL"]
[Date "2022.12.16"]
[Round "4.56"]
[White "Plichta, Kamil"]
[Black "Sop, Selen"]
[Result "1-0"]
[WhiteTitle "FM"]
[BlackTitle "WFM"]
[WhiteElo "2394"]
[BlackElo "1950"]
[WhiteFideId "1141830"]
[BlackFideId "6300278"]
[EventDate "2022.12.16"]

1. e4 c5 2. Nf3 d6 3. Nc3 Nf6 4. e5 dxe5 5. Nxe5 a6 6. g3 e6 7. Bg2 Bd6 8. Nc4
Bc7 9. O-O O-O 10. d3 Nc6 11. Bxc6 bxc6 12. Be3 Nd7 13. Na4 Rb8 14. Nxc5 Nb6 15.
Nxb6 Bxb6 16. Nb3 Bxe3 17. fxe3 a5 18. Rb1 a4 19. Nc5 Qd5 20. Nxa4 Qxa2 21. b3
Qa3 22. Qd2 Qd6 23. Qc3 e5 24. Qc5 Qh6 25. Qxe5 Bh3 26. Rfe1 Rfe8 27. Qf4 Qe6
28. Nc3 c5 29. Nd1 Qc6 30. e4 Rb4 31. Nf2 Be6 32. Ra1 h6 33. Ra5 Qb6 34. Rea1 f5
35. Qe5 Bd7 36. Qxc5 Qb7 37. Ra7 Qb8 38. Rxd7 fxe4 39. Raa7 Qe5 40. Rxg7+ Qxg7
41. Rxg7+ Kxg7 42. Qxb4 1-0

[Event "European Blitz 2022"]
[Site "Katowice POL"]
[Date "2022.12.16"]
[Round "4.57"]
[White "Golek-Schild, Jagoda"]
[Black "Petrovskyi, Vadym"]
[Result "0-1"]
[BlackTitle "FM"]
[WhiteElo "1986"]
[BlackElo "2402"]
[WhiteFideId "1138529"]
[BlackFideId "14165210"]
[EventDate "2022.12.16"]

1. e4 c5 2. Nf3 d6 3. c4 Nf6 4. Nc3 Bg4 5. Be2 Bxf3 6. Bxf3 Nc6 7. O-O e5 8. g3
Be7 9. Bg2 O-O 10. d3 Rb8 11. Be3 a6 12. f4 b5 13. b3 Nd4 14. Bxd4 cxd4 15. Nd5
Nxd5 16. exd5 bxc4 17. bxc4 Rb2 18. Qc1 Re2 19. Re1 Rxe1+ 20. Qxe1 exf4 21. gxf4
Bh4 22. Qe2 Re8 23. Qg4 g6 24. f5 h5 25. Qf3 Re3 26. Qf1 g5 27. Be4 Qf6 28. Rb1
g4 29. Rb8+ Kg7 30. Rb1 Rh3 31. c5 Qe5 32. Qg2 dxc5 33. d6 Qxd6 34. Rb7 Re3 35.
Bd5 Re1+ 36. Qf1 Rxf1+ 37. Kxf1 Qxd5 0-1

[Event "European Blitz 2022"]
[Site "Katowice POL"]
[Date "2022.12.16"]
[Round "4.58"]
[White "Paehtz, Elisabeth"]
[Black "Wojdak, Jan"]
[Result "1-0"]
[WhiteTitle "GM"]
[WhiteElo "2464"]
[BlackElo "2115"]
[WhiteFideId "4641833"]
[BlackFideId "21817111"]
[EventDate "2022.12.16"]

1. d4 d5 2. Bf4 Nf6 3. e3 e6 4. Nd2 Bd6 5. Bg3 O-O 6. Bd3 c5 7. c3 b6 8. Qe2 a5
9. Ngf3 Ba6 10. Bxa6 Nxa6 11. Ne5 Nb8 12. O-O Qc7 13. a4 Nbd7 14. f4 Ne8 15. Qb5
Rd8 16. Ndf3 f6 17. Nxd7 Rxd7 18. Qd3 g6 19. e4 dxe4 20. Qxe4 Ng7 21. Rae1 cxd4
22. Nxd4 Bc5 23. Bf2 Re8 24. Nb5 Bxf2+ 25. Rxf2 Qc5 26. Nd4 e5 27. fxe5 Rxe5 28.
Qa8+ Kf7 29. Rxe5 Qxe5 30. Qc6 Rd6 31. Qc7+ Qe7 32. Qc4+ Ne6 33. Re2 Qd7 34. h3
h5 35. Qb3 h4 36. Qc4 g5 37. Re1 Qe8 38. Re2 Qd7 39. Kf1 Qe8 40. Ke1 Qd7 41. Kd1
Qe8 42. Kc1 Qd7 43. Kb1 Qe8 44. Ka2 Qd7 45. Qb3 Qc8 46. Ka1 Qd7 47. Qc4 Qe8 48.
Qd3 Nxd4 49. Qh7+ Kf8 50. Qh8+ 1-0

[Event "European Blitz 2022"]
[Site "Katowice POL"]
[Date "2022.12.16"]
[Round "4.59"]
[White "Subelj, Jan"]
[Black "Warchol, Kamil"]
[Result "1-0"]
[WhiteTitle "IM"]
[BlackTitle "FM"]
[WhiteElo "2492"]
[BlackElo "2164"]
[WhiteFideId "14618583"]
[BlackFideId "21858241"]
[EventDate "2022.12.16"]

1. e4 c5 2. Nf3 e6 3. c3 Nc6 4. d4 cxd4 5. cxd4 d5 6. e5 Nge7 7. Bd3 a6 8. O-O
Qb6 9. Nc3 Ng6 10. h4 Be7 11. g3 Nf8 12. a3 Bd7 13. Be3 O-O-O 14. Na4 Qa7 15. b4
Kb8 16. Nc5 Bc8 17. Rb1 Nd7 18. Qc2 Ka8 19. Nxa6 bxa6 20. Qxc6+ Bb7 21. Qc7 Qb6
22. Rfc1 h6 23. h5 Rhe8 24. b5 a5 25. Bd2 Bxa3 26. Bxa5 Qa7 27. Ra1 Bxc1 28.
Qxc1 Rc8 29. Bc7 1-0

[Event "European Blitz 2022"]
[Site "Katowice POL"]
[Date "2022.12.16"]
[Round "4.60"]
[White "Putlak, Wojciech"]
[Black "Gretarsson, Helgi Ass"]
[Result "0-1"]
[BlackTitle "GM"]
[WhiteElo "1992"]
[BlackElo "2451"]
[WhiteFideId "1183303"]
[BlackFideId "2300699"]
[EventDate "2022.12.16"]

1. Nf3 g6 2. d4 Bg7 3. e4 d6 4. Bc4 c6 5. O-O b5 6. Bb3 a5 7. a4 b4 8. Bf4 Ba6
9. Re1 e6 10. Nbd2 d5 11. exd5 cxd5 12. Ng5 Nf6 13. Qf3 O-O 14. c3 bxc3 15. bxc3
h6 16. Nxe6 fxe6 17. Rxe6 Kh7 18. Bc2 Bc8 19. Rd6 Qe8 20. h3 Ra6 21. Rb1 Ne4 22.
Nxe4 dxe4 23. Qxe4 Qxe4 24. Bxe4 Rxf4 25. Rd8 Rxe4 26. Rxc8 Nd7 27. Rb7 Re7 28.
Rcc7 Rd6 29. Ra7 Kg8 30. Kh2 Kf7 31. g3 Ke6 32. Rxa5 Nb6 33. Rxe7+ Kxe7 34. Ra7+
Kf6 35. a5 Nc4 36. a6 Nd2 37. Ra8 Kf7 38. a7 Ra6 39. Kg2 Ne4 40. c4 Bxd4 41. Rb8
Rxa7 42. Kf3 Nxf2 43. Rd8 Ra3+ 44. Kg2 Be3 45. Rd7+ Kf6 46. Rd6+ Kf5 47. g4+ Kg5
48. Re6 Nd1 49. Rd6 Nb2 50. Rc6 Nd3 51. Rd6 Nf4+ 52. Kh2 Bf2 53. Rc6 Rxh3# 0-1

[Event "European Blitz 2022"]
[Site "Katowice POL"]
[Date "2022.12.16"]
[Round "4.61"]
[White "Sokolowski, Ryszard"]
[Black "Kuzmicz, Krystian"]
[Result "0-1"]
[BlackTitle "IM"]
[WhiteElo "2020"]
[BlackElo "2466"]
[WhiteFideId "1103156"]
[BlackFideId "1119125"]
[EventDate "2022.12.16"]

1. d4 g6 2. c4 Bg7 3. Nc3 c5 4. d5 Bxc3+ 5. bxc3 f5 6. e4 fxe4 7. f3 Nf6 8. Qc2
Qa5 9. Bd2 d6 10. fxe4 Nbd7 11. Nf3 Ng4 12. Be2 Nde5 13. O-O Bd7 14. Nxe5 Nxe5
15. a4 O-O-O 16. Qb2 Rhf8 17. Bg5 Rxf1+ 18. Bxf1 Re8 19. h3 Kc7 20. Rb1 b6 21.
Ra1 Bc8 22. Bf4 Rf8 23. Bxe5 dxe5 24. Qa3 Bd7 25. Bd3 Rf4 26. Qb2 g5 27. Ra3 h5
28. Qe2 g4 29. hxg4 hxg4 30. Qe1 b5 31. cxb5 c4 32. Bxc4 Qb6+ 33. Kh2 Qc5 34.
Ra2 Qxc4 35. Re2 0-1

[Event "European Blitz 2022"]
[Site "Katowice POL"]
[Date "2022.12.16"]
[Round "4.62"]
[White "Uruci, Endrit"]
[Black "Kulesza, Andrzej"]
[Result "1-0"]
[WhiteTitle "FM"]
[WhiteElo "2297"]
[BlackElo "2053"]
[WhiteFideId "22100199"]
[BlackFideId "21836264"]
[EventDate "2022.12.16"]

1. e4 c5 2. Nf3 d6 3. d4 cxd4 4. Bb5+ Bd7 5. Bxd7+ Qxd7 6. Nxd4 Nf6 7. Nc3 Nc6
8. Bg5 e6 9. O-O Be7 10. Re1 O-O 11. a4 a6 12. a5 Qc7 13. Nb3 Rad8 14. Be3 Qc8
15. Bb6 Rd7 16. h3 Ne5 17. Na4 Nc4 18. Nd2 Nxd2 19. Qxd2 d5 20. e5 Ne8 21. Bd4
Qc6 22. Rec1 Nc7 23. Nb6 Rdd8 24. b4 Nb5 25. c3 Rb8 26. c4 dxc4 27. Rxc4 Qe8 28.
Be3 Rd8 29. Qe2 h6 30. Qh5 f5 31. Qf3 Rb8 32. Rd1 Bg5 33. Bxg5 hxg5 34. Nd7 Rc8
35. Rxc8 Qxc8 36. Nxf8 Kxf8 37. Qh5 Kg8 38. Qxg5 Kf7 39. h4 Nc3 40. Re1 Ne4 41.
Qf4 Qc2 42. h5 Kg8 43. Qe3 Kh7 44. f3 Nc3 45. Kh2 Nd5 46. Qg5 Qc3 47. Qg6+ Kh8
48. Qg3 Nxb4 49. h6 gxh6 50. Re2 Nd5 51. Qg6 Qc1 52. Qe8+ Kh7 53. Qf7+ Kh8 54.
Qf8+ Kh7 55. Qf7+ Kh8 56. g3 Qc4 57. Rf2 Qc5 58. Rg2 Qxa5 59. Qg6 Qb6 60. Qxh6+
Kg8 61. Rc2 Qd8 62. Qg6+ Kf8 63. Qxe6 Ne7 64. Qf6+ Ke8 65. e6 Qd3 66. Qf7+ Kd8
67. Qf8# 1-0

[Event "European Blitz 2022"]
[Site "Katowice POL"]
[Date "2022.12.16"]
[Round "4.63"]
[White "Kanli, Kaan"]
[Black "Paehtz, Thomas"]
[Result "0-1"]
[BlackTitle "GM"]
[WhiteElo "2006"]
[BlackElo "2339"]
[WhiteFideId "6309836"]
[BlackFideId "4611349"]
[EventDate "2022.12.16"]

1. e4 c5 2. Nf3 d6 3. d4 cxd4 4. Nxd4 Nf6 5. Nc3 a6 6. Bg5 Nbd7 7. Bc4 Qc7 8.
Bb3 g6 9. Qd2 h6 10. Bh4 Bg7 11. O-O O-O 12. Rfe1 b5 13. Nd5 Nxd5 14. Bxd5 Bb7
15. Bxb7 Qxb7 16. Bxe7 Rfe8 17. Bxd6 Rad8 18. c3 Nb6 19. e5 Nc4 20. Qf4 Nxb2 21.
Re2 Nc4 22. Rae1 Qd5 23. Qe4 Qxe4 24. Rxe4 Nxd6 25. exd6 Rxe4 26. Rxe4 Rxd6 27.
Re8+ Kh7 28. Re7 b4 29. g4 bxc3 30. Nb3 Rf6 31. Rc7 Rf4 32. h3 g5 33. Kg2 Kg6
34. f3 Ra4 35. Kf1 Rxa2 36. Rc6+ Kh7 0-1

[Event "European Blitz 2022"]
[Site "Katowice POL"]
[Date "2022.12.16"]
[Round "4.64"]
[White "Batsiashvili, Nino"]
[Black "Ziogas, Modestas"]
[Result "1/2-1/2"]
[WhiteTitle "GM"]
[WhiteElo "2493"]
[BlackElo "2098"]
[WhiteFideId "13602993"]
[BlackFideId "12803740"]
[EventDate "2022.12.16"]

1. d4 d5 2. Nf3 Nf6 3. Bf4 Nc6 4. e3 Bg4 5. a3 e6 6. c4 Bd6 7. Bg3 O-O 8. Nc3
Re8 9. Be2 dxc4 10. Ne5 Bxe2 11. Qxe2 Ne7 12. Nxc4 Ned5 13. O-O Nxc3 14. bxc3
Bxg3 15. hxg3 Ne4 16. Rac1 Qe7 17. a4 Qd7 18. Qc2 Nd6 19. Ne5 Qe7 20. c4 Nf5 21.
c5 f6 22. Nf3 b6 23. Qe4 Qd7 24. Rc4 Rad8 25. Rfc1 Qf7 26. g4 Nh6 27. g5 Nf5 28.
gxf6 gxf6 29. cxb6 cxb6 30. Rc7 Re7 31. Rxe7 Qxe7 32. Rc6 Nd6 33. Qg4+ Kh8 34.
Qf4 Nf7 35. Rc7 Rd7 36. Rxd7 Qxd7 37. Qxf6+ Kg8 38. e4 Qc6 39. d5 Qc1+ 40. Kh2
exd5 41. exd5 Qc7+ 42. g3 Qd6 43. Qf5 h6 44. Kg2 a6 45. Nh4 Qe5 46. Qxe5 Nxe5
47. Nf5 Kh7 48. f4 Nd7 49. Kf3 Kg6 50. Nd6 Kf6 51. Ne4+ Ke7 52. g4 b5 53. axb5
axb5 54. Ke3 Nb8 55. Kd4 Na6 56. Ng3 b4 57. Nf5+ Kf6 58. Nxh6 b3 59. Kc3 Nc5 60.
g5+ Kg6 61. Ng4 b2 62. Kxb2 Nd3+ 63. Kc3 Nxf4 64. Kd4 Nxd5 65. Kxd5 Kxg5 66. Kd4 1/2-1/2

[Event "European Blitz 2022"]
[Site "Katowice POL"]
[Date "2022.12.16"]
[Round "4.65"]
[White "Kyc, Jerzy"]
[Black "Kopaczewski, Adam"]
[Result "1-0"]
[WhiteElo "2230"]
[BlackElo "2096"]
[WhiteFideId "1163922"]
[BlackFideId "1187309"]
[EventDate "2022.12.16"]

1. e4 e5 2. Nf3 Nc6 3. Bb5 a6 4. Ba4 d6 5. c3 Nf6 6. Qe2 Bg4 7. h3 Bh5 8. d3 Be7
9. O-O b5 10. Bc2 O-O 11. Rd1 Re8 12. Nbd2 Na5 13. Nf1 c5 14. Ng3 Bg6 15. Nh4
Nc6 16. Nhf5 Bf8 17. a4 d5 18. Qf3 d4 19. Bg5 Rb8 20. axb5 Rxb5 21. Rxa6 Rb6 22.
Bxf6 gxf6 23. Rxb6 Qxb6 24. Ba4 Ra8 25. Bxc6 Qxc6 26. h4 c4 27. cxd4 exd4 28.
Nxd4 Qa4 29. dxc4 h6 30. b3 1-0

[Event "European Blitz 2022"]
[Site "Katowice POL"]
[Date "2022.12.16"]
[Round "4.66"]
[White "Cramling, Pia"]
[Black "Kanarkiewicz, Michal"]
[Result "1/2-1/2"]
[WhiteTitle "GM"]
[WhiteElo "2463"]
[BlackElo "2079"]
[WhiteFideId "1700030"]
[BlackFideId "1147200"]
[EventDate "2022.12.16"]

1. d4 g6 2. e4 Bg7 3. c4 d6 4. Nc3 Nc6 5. d5 Nd4 6. Be3 c5 7. Nge2 Nxe2 8. Bxe2
Nf6 9. O-O O-O 10. f4 a6 11. a4 Ne8 12. Qd2 e6 13. Rad1 Rb8 14. Kh1 Qa5 15. dxe6
fxe6 16. Qc2 Bd7 17. Bd2 Qc7 18. b3 Rd8 19. Bf3 Bc6 20. Be3 Nf6 21. Rfe1 b6 22.
Bf2 Rfe8 23. Bh4 Rd7 24. Qd3 Rf8 25. Qd2 Bh6 26. Bf2 Re8 27. Be3 Red8 28. Qc2
Qb7 29. Bc1 Kh8 30. Qf2 Bg7 31. Bb2 d5 32. exd5 exd5 33. cxd5 Nxd5 34. Nxd5 Bxd5
35. Bxg7+ Kxg7 36. Bxd5 Rxd5 37. Qe2 Rxd1 38. Rxd1 Rxd1+ 39. Qxd1 Qc7 1/2-1/2

[Event "European Blitz 2022"]
[Site "Katowice POL"]
[Date "2022.12.16"]
[Round "4.67"]
[White "Strejczek, Marek"]
[Black "Thorfinnsson, Bjorn"]
[Result "0-1"]
[BlackTitle "IM"]
[WhiteElo "2091"]
[BlackElo "2374"]
[WhiteFideId "1116215"]
[BlackFideId "2300982"]
[EventDate "2022.12.16"]

1. d4 d5 2. c4 e6 3. Nc3 Nf6 4. cxd5 exd5 5. Bg5 c6 6. Qc2 Be7 7. e3 O-O 8. Bd3
h6 9. Bh4 Nh5 10. Bxe7 Qxe7 11. Nf3 Nf4 12. O-O Nxd3 13. Qxd3 Re8 14. a3 Bg4 15.
Ne5 Be6 16. b4 f6 17. Ng6 Qd7 18. Nf4 Bf5 19. Qd2 Na6 20. b5 Nc7 21. a4 cxb5 22.
axb5 Nxb5 23. Nfxd5 Nxc3 24. Nxc3 Kh8 25. Rfe1 b5 26. e4 Bg6 27. Rab1 a6 28. f3
Rab8 29. d5 b4 30. Ne2 a5 31. Nd4 f5 32. Nc6 Ra8 33. e5 Bf7 34. Rbd1 b3 35. e6
Bxe6 36. Ne5 Qa7+ 37. Kh1 Bf7 38. d6 Be6 39. d7 Bxd7 40. Qxd7 Qxd7 41. Rxd7 a4
42. Rdd1 a3 43. Nc4 Rxe1+ 44. Rxe1 b2 45. Nxa3 Rxa3 46. Re8+ Kh7 0-1

[Event "European Blitz 2022"]
[Site "Katowice POL"]
[Date "2022.12.16"]
[Round "4.68"]
[White "Cherniaiev, Tykhon"]
[Black "Hnatyshyn, Anastasiia"]
[Result "1-0"]
[WhiteTitle "FM"]
[WhiteElo "2330"]
[BlackElo "2090"]
[WhiteFideId "14182360"]
[BlackFideId "14198339"]
[EventDate "2022.12.16"]

1. Nf3 d5 2. d4 Nf6 3. c4 c6 4. e3 Bf5 5. Nc3 h6 6. Bd3 Bxd3 7. Qxd3 e6 8. O-O
Nbd7 9. Bd2 Bd6 10. e4 dxe4 11. Nxe4 Nxe4 12. Qxe4 Nf6 13. Qe2 O-O 14. Bc3 Qc7
15. Rad1 Rfd8 16. h3 a5 17. b3 Rab8 18. Qe1 Ra8 19. a4 Re8 20. Qe3 Bf4 21. Qe2
b5 22. Ne5 b4 23. Bb2 Bxe5 24. dxe5 Nd7 25. Rd6 Nc5 26. Qf3 Rac8 27. Rfd1 Red8
28. Qe3 Nb7 29. Qg3 Nc5 30. Qh4 Rf8 31. Qd4 Qb6 32. Qe3 Rb8 33. Bd4 1-0

[Event "European Blitz 2022"]
[Site "Katowice POL"]
[Date "2022.12.16"]
[Round "4.69"]
[White "Przybylski, Bartosz"]
[Black "Arkell, Keith C"]
[Result "1-0"]
[BlackTitle "GM"]
[WhiteElo "2085"]
[BlackElo "2406"]
[WhiteFideId "1126652"]
[BlackFideId "400270"]
[EventDate "2022.12.16"]

1. e4 c6 2. c4 d5 3. cxd5 cxd5 4. exd5 Nf6 5. Nc3 Nxd5 6. d4 Nxc3 7. bxc3 g6 8.
Nf3 Bg7 9. Be2 O-O 10. O-O Nc6 11. Bb2 Bg4 12. h3 Bxf3 13. Bxf3 Rc8 14. Re1 e6
15. Rb1 Na5 16. Ba3 Re8 17. Bb4 Nc6 18. Bc5 b6 19. Ba3 Na5 20. Bb2 Nc4 21. Ba1
Qc7 22. Qe2 Red8 23. Be4 a6 24. Bd3 b5 25. a4 Qc6 26. axb5 axb5 27. Be4 Qd7 28.
Rb3 Bh6 29. Rd1 Rc7 30. Bb2 Nxb2 31. Qxb2 Rdc8 32. Rxb5 Rxc3 33. Rb7 Qd6 34. Rb3
R3c4 35. Rbd3 Bg7 36. Qd2 Rd8 37. Bf3 Rxd4 38. Rxd4 Bxd4 39. Kh1 Kg7 40. g3 h5
41. h4 e5 42. Kg2 Rb8 43. Rc1 Rb2 44. Rc2 Rb6 45. Qd3 Qe6 46. Qe2 Rb3 47. Rd2
Qf5 48. Be4 Qf6 49. Bd5 Rb1 50. Qd3 Ra1 51. Qf3 Qe7 52. Re2 Qc7 53. Bb3 f5 54.
Qd5 Ra7 55. Rc2 Qe7 56. Rc8 Kh6 57. Rh8+ Kg7 58. Rg8+ Kh7 59. Rc8 Qg7 60. Qc6
Re7 61. Rg8 Qh6 62. Qf6 Rg7 63. Re8 f4 64. Qf8 g5 65. Bg8+ Kg6 66. Re6# 1-0

[Event "European Blitz 2022"]
[Site "Katowice POL"]
[Date "2022.12.16"]
[Round "4.70"]
[White "Kjartansson, Gudmundur"]
[Black "Kutowski, Marcel"]
[Result "1-0"]
[WhiteTitle "GM"]
[WhiteElo "2453"]
[BlackElo "2046"]
[WhiteFideId "2301318"]
[BlackFideId "21878285"]
[EventDate "2022.12.16"]

1. c4 e5 2. g3 Nf6 3. Bg2 Nc6 4. Nc3 g6 5. Nf3 Bg7 6. d4 exd4 7. Nxd4 O-O 8. O-O
Nxd4 9. Qxd4 Re8 10. Qd3 d6 11. Bd2 Nd7 12. b3 Nc5 13. Qc2 c6 14. Rad1 Bf5 15.
e4 Bg4 16. f3 Bd7 17. Bf4 Ne6 18. Bxd6 Qa5 19. Ne2 Rad8 20. Kh1 c5 21. f4 Bc6
22. e5 Bxg2+ 23. Kxg2 Qb6 24. h4 Qc6+ 25. Kh2 f6 26. f5 fxe5 27. fxe6 Rxd6 28.
Rxd6 Qxd6 29. Nc3 Qxe6 30. Ne4 b6 31. Qd2 Rf8 32. Rxf8+ Bxf8 33. Qd8 Kg7 34.
Qc7+ Qe7 35. Qb8 h6 36. Kg2 Kh7 37. a4 Bg7 38. Qc8 Qf7 39. Qc6 Qf5 40. Qd5 Qg4
41. Nf2 Qd4 42. Qe4 Qc3 43. h5 Qxb3 44. Qxg6+ Kh8 45. Ne4 Qxc4 46. Nd6 Qd5+ 47.
Kh3 Kg8 48. Nf5 Qd7 49. g4 Qd3+ 50. Kh4 Qd8+ 51. g5 Qxg5+ 52. Qxg5 hxg5+ 53.
Kxg5 e4 54. Kf4 Kf7 55. Kxe4 Bf8 56. Ke5 a6 57. Kd5 b5 58. a5 c4 59. Nd4 Kf6 60.
Kc6 Ke5 61. Nxb5 axb5 62. a6 c3 63. a7 c2 64. a8=Q c1=Q+ 65. Kxb5 Qc5+ 66. Ka6
Qa3+ 67. Kb7 Qb4+ 68. Kc8 Bd6 69. Qc6 Qg4+ 70. Kb7 1-0

[Event "European Blitz 2022"]
[Site "Katowice POL"]
[Date "2022.12.16"]
[Round "4.71"]
[White "Tisaj, Domen"]
[Black "Swiatek, Bartosz"]
[Result "1-0"]
[WhiteTitle "FM"]
[WhiteElo "2396"]
[BlackElo "2074"]
[WhiteFideId "14628708"]
[BlackFideId "1116533"]
[EventDate "2022.12.16"]

1. d4 Nf6 2. c4 g6 3. g3 Bg7 4. Bg2 O-O 5. Nc3 d6 6. Nf3 Nc6 7. O-O a6 8. d5 Na5
9. b3 c5 10. dxc6 bxc6 11. Bb2 Rb8 12. Qd2 Qb6 13. Na4 Qc7 14. Rac1 c5 15. Rfe1
Bb7 16. Nh4 Nc6 17. Nc3 Nd4 18. Nd5 Nxd5 19. cxd5 e5 20. dxe6 fxe6 21. Bxd4 Bxg2
22. Nxg2 Bxd4 23. Qxd4 Qa5 24. Qxd6 Qxa2 25. Qxe6+ Kg7 26. Rxc5 Rb7 27. Rec1
Rff7 28. Qe5+ Kh6 29. Ne3 Rb4 30. R5c4 Rxc4 31. Rxc4 g5 32. Rc6+ Kh5 33. g4+ Kh4
34. Qg3# 1-0

[Event "European Blitz 2022"]
[Site "Katowice POL"]
[Date "2022.12.16"]
[Round "4.72"]
[White "Van Hoolandt, Patrick"]
[Black "Langheinrich, Ferenc"]
[Result "0-1"]
[WhiteTitle "FM"]
[BlackTitle "IM"]
[WhiteElo "2010"]
[BlackElo "2381"]
[WhiteFideId "200999"]
[BlackFideId "4641973"]
[EventDate "2022.12.16"]

1. d4 Nf6 2. c4 g6 3. Nc3 Bg7 4. e4 d6 5. Nf3 O-O 6. Be3 Ng4 7. Bg5 h6 8. Bh4 c6
9. Be2 a6 10. O-O g5 11. Bg3 Nf6 12. Nd2 b5 13. b4 Nfd7 14. Nb3 e5 15. d5 bxc4
16. Bxc4 Nb6 17. Be2 cxd5 18. Nxd5 Be6 19. Ne3 Nc6 20. Qd2 d5 21. exd5 Nxd5 22.
Nxd5 Qxd5 23. Qxd5 Bxd5 24. b5 axb5 25. Bxb5 Rab8 26. Ba4 Ra8 27. Bb5 Rfb8 28.
Bxc6 Bxc6 29. Rac1 Bb5 30. Rfe1 Re8 31. Rc2 Bd3 32. Rd2 e4 33. Rc1 f5 34. f3
Rec8 35. Rxc8+ Rxc8 36. fxe4 fxe4 37. Bd6 Bc3 38. Rd1 Bc2 39. Rf1 Bxb3 40. axb3
e3 41. Bg3 e2 42. Rb1 Bd4+ 43. Bf2 Re8 44. Re1 Bc3 45. Rc1 e1=Q+ 46. Bxe1 Rxe1+ 0-1

[Event "European Blitz 2022"]
[Site "Katowice POL"]
[Date "2022.12.16"]
[Round "4.73"]
[White "Psyk, Radoslaw"]
[Black "Zgadzaj, Rafal"]
[Result "1-0"]
[WhiteElo "2438"]
[BlackElo "2059"]
[WhiteFideId "1182838"]
[BlackFideId "1113712"]
[EventDate "2022.12.16"]

1. e4 d6 2. d4 Nf6 3. Bd3 g6 4. Nf3 Bg7 5. O-O O-O 6. Re1 c6 7. c3 Re8 8. e5
dxe5 9. Nxe5 Nbd7 10. Nf3 Qc7 11. Nbd2 e5 12. h3 exd4 13. Rxe8+ Nxe8 14. Nxd4
Ne5 15. Bf1 c5 16. N4f3 Be6 17. Nxe5 Qxe5 18. Nf3 Qd6 19. Qa4 Qd7 20. Bb5 Qc8
21. Be3 Nd6 22. Bf1 b5 23. Qa3 Nb7 24. Bxb5 c4 25. Ba6 Qc7 26. Bxb7 Qxb7 27. Nd4
Bd5 28. f3 Re8 29. Bf2 Bxd4 30. cxd4 Re2 31. Re1 Qxb2 32. Qd6 Rxf2 33. Re8+ Kg7
34. Qe5+ Kh6 35. Qe3+ Kg7 36. Qxf2 1-0

[Event "European Blitz 2022"]
[Site "Katowice POL"]
[Date "2022.12.16"]
[Round "4.74"]
[White "Morgunov, Marc"]
[Black "Gradalski, Olaf"]
[Result "1/2-1/2"]
[WhiteTitle "FM"]
[WhiteElo "2402"]
[BlackElo "2079"]
[WhiteFideId "1640305"]
[BlackFideId "21840580"]
[EventDate "2022.12.16"]

1. e4 c6 2. Nc3 d5 3. Nf3 Bg4 4. h3 Bxf3 5. Qxf3 e6 6. Be2 Bc5 7. O-O Ne7 8. Rd1
Bd4 9. Bf1 Nd7 10. Ne2 Bb6 11. d4 dxe4 12. Qxe4 Nf6 13. Qd3 h6 14. c3 Ng6 15. g3
O-O 16. h4 e5 17. Qc2 Qc7 18. Bg2 Rad8 19. b3 exd4 20. Nxd4 Bxd4 21. cxd4 Qd6
22. a4 Rfe8 23. Ba3 Qe6 24. Bf3 Nd5 25. h5 Nf8 26. Kg2 Nh7 27. Re1 Qxe1 28. Rxe1
Rxe1 29. Bc5 Ng5 30. Bxa7 Nxf3 31. Kxf3 Rd6 32. Bc5 Rf6+ 33. Kg2 Rf1 34. Qd2
R1xf2+ 35. Qxf2 Rxf2+ 36. Kxf2 g6 37. hxg6 fxg6 38. b4 Kf7 39. b5 cxb5 40. axb5
Ke6 41. Kf3 Kf5 42. g4+ Kg5 43. Bd6 h5 44. gxh5 gxh5 45. Ke4 Nc3+ 46. Ke5 Nxb5
47. Be7+ Kg6 48. d5 Kf7 49. d6 Ke8 50. Ke6 Nd4+ 51. Kd5 Nf5 52. Bf6 Kd7 53. Bg5
h4 54. Ke5 h3 55. Bf4 Nh4 56. Ke4 Ng6 57. Bh2 Nh8 58. Kf5 Nf7 59. Kg4 Nxd6 60.
Kxh3 Kc6 61. Kg4 Kd5 62. Kf3 b5 63. Ke2 Ne4 64. Kd3 Nc5+ 65. Kc3 Kc6 66. Bg1
Na4+ 67. Kb4 Nb6 68. Bxb6 1/2-1/2

[Event "European Blitz 2022"]
[Site "Katowice POL"]
[Date "2022.12.16"]
[Round "4.75"]
[White "Zhuk, Ivan"]
[Black "Kirk, Ezra"]
[Result "1-0"]
[BlackTitle "IM"]
[WhiteElo "2035"]
[BlackElo "2432"]
[WhiteFideId "13508342"]
[BlackFideId "600067"]
[EventDate "2022.12.16"]

1. e4 c5 2. Nf3 Nc6 3. d4 cxd4 4. Nxd4 e5 5. Nb5 d6 6. N1c3 a6 7. Na3 b5 8. Nd5
Nge7 9. g3 Nxd5 10. exd5 Ne7 11. Bg2 g6 12. O-O Bg7 13. c4 Rb8 14. cxb5 axb5 15.
Qe2 Bd7 16. Nc2 O-O 17. Nb4 Nf5 18. Be3 Nxe3 19. Qxe3 Rc8 20. Rac1 Qa5 21. a3 f5
22. Rxc8 Rxc8 23. Rc1 Rxc1+ 24. Qxc1 e4 25. Bf1 Qb6 26. Nc6 Kf7 27. b3 Ke8 28.
a4 bxa4 29. bxa4 Bxc6 30. dxc6 Kd8 31. Qg5+ Ke8 32. Bb5 Kf7 33. Qc1 Qc7 34. Qc4+
Kf8 35. a5 Bf6 36. Qe6 Bd4 37. Bc4 Kg7 38. Qd7+ 1-0